[Event "Benidorm op"]
[Site "Benidorm ESP"]
[Date "2008.04.28"]
[Round "4"]
[White "Kovalyov, Anton"]
[Black "Suba, Mihai"]
[Result "1/2-1/2"]
[WhiteElo "2525"]
[BlackElo "2487"]
[PlyCount "61"]
[GameId "2129405096922382"]
[EventDate "2008.04.25"]
[EventType "swiss"]
[EventRounds "9"]
[EventCountry "ESP"]
[SourceTitle "The Week in Chess 704"]
[Source "Mark Crowther"]
[SourceDate "2008.05.05"]
[SourceVersion "1"]
[SourceVersionDate "2008.05.05"]
[SourceQuality "2"]

1. c4 Nf6 2. Nc3 c5 3. Nf3 e6 4. g3 b6 5. Bg2 Bb7 6. O-O d6 7. d4 cxd4 8. Qxd4 a6 9. Be3 Nbd7 10. Nd2 Bxg2 11. Kxg2 Be7 12. Nde4 Qc7 13. Rfd1 O-O 14. Nxd6 Rad8 15. b4 Ng4 16. Qxg4 Bxd6 17. c5 bxc5 18. bxc5 Nxc5 19. Rac1 Qb7+ 20. Qf3 Qxf3+ 21. Kxf3 Be7 22. Rxd8 Rxd8 23. Ne4 Nxe4 24. Kxe4 f5+ 25. Kf3 Rd5 26. Rc7 Kf8 27. a4 Ke8 28. Rc6 Rd6 29. Rc8+ Rd8 30. Rc6 Rd6 31. Rc8+ 1/2-1/2

[Event "Benidorm op"]
[Site "Benidorm ESP"]
[Date "2008.04.29"]
[Round "5"]
[White "Tate, Emory"]
[Black "Kovalyov, Anton"]
[Result "0-1"]
[WhiteElo "2378"]
[BlackElo "2525"]
[PlyCount "43"]
[GameId "2129405096922393"]
[EventDate "2008.04.25"]
[EventType "swiss"]
[EventRounds "9"]
[EventCountry "ESP"]
[SourceTitle "The Week in Chess 704"]
[Source "Mark Crowther"]
[SourceDate "2008.05.05"]
[SourceVersion "1"]
[SourceVersionDate "2008.05.05"]
[SourceQuality "2"]

1. e4 c5 2. Nf3 d6 3. d4 cxd4 4. Nxd4 Nf6 5. f3 e5 6. Bb5+ Nbd7 7. Nb3 Be7 8. Be3 O-O 9. Bxd7 Bxd7 10. c4 b5 11. c5 Be6 12. cxd6 Bxd6 13. O-O Qe7 14. N1d2 a5 15. a4 Rfb8 16. Nc1 bxa4 17. Rxa4 Bc5 18. Bxc5 Qxc5+ 19. Kh1 Rd8 20. Qe2 Qc2 21. Qd1 Bc8 22. Ra1 0-1

[Event "Benidorm op"]
[Site "Benidorm ESP"]
[Date "2008.04.30"]
[Round "6"]
[White "Kovalyov, Anton"]
[Black "Avrukh, Boris"]
[Result "1/2-1/2"]
[WhiteElo "2525"]
[BlackElo "2632"]
[PlyCount "93"]
[GameId "2129405096922398"]
[EventDate "2008.04.25"]
[EventType "swiss"]
[EventRounds "9"]
[EventCountry "ESP"]
[SourceTitle "The Week in Chess 704"]
[Source "Mark Crowther"]
[SourceDate "2008.05.05"]
[SourceVersion "1"]
[SourceVersionDate "2008.05.05"]
[SourceQuality "2"]

1. c4 e5 2. Nc3 Bb4 3. Nd5 a5 4. Nxb4 axb4 5. d3 d5 6. Nf3 Nc6 7. cxd5 Qxd5 8. b3 Nf6 9. e4 Qd6 10. h3 O-O 11. Bb2 Be6 12. Be2 Ra5 13. O-O Rfa8 14. Qb1 Nd7 15. Rd1 Nd4 16. Bxd4 exd4 17. Qb2 c5 18. Rd2 h6 19. Rc2 Qa6 20. Qb1 Ra3 21. Nd2 Qd6 22. Bg4 Bxg4 23. Nc4 Qg6 24. hxg4 R3a6 25. f3 Qg5 26. Rf2 Qf4 27. Nd2 Ne5 28. Nf1 b5 29. Qd1 Ra3 30. g3 Qf6 31. f4 Nd7 32. Rd2 Qe6 33. Rc2 Qb6 34. Kh1 Nf6 35. Qf3 Nd7 36. Nd2 Qb7 37. Kg2 f6 38. Kh3 R8a6 39. e5 Qxf3 40. Nxf3 Kf8 41. exf6 gxf6 42. Nd2 Re6 43. Nf1 Ke7 44. Rd1 Ra8 45. Rdc1 Ra7 46. Nd2 Re2 47. Ne4 1/2-1/2

[Event "Benidorm op"]
[Site "Benidorm ESP"]
[Date "2008.05.01"]
[Round "7"]
[White "Levin, Felix"]
[Black "Kovalyov, Anton"]
[Result "1-0"]
[WhiteElo "2546"]
[BlackElo "2525"]
[PlyCount "127"]
[GameId "2129405096922409"]
[EventDate "2008.04.25"]
[EventType "swiss"]
[EventRounds "9"]
[EventCountry "ESP"]
[SourceTitle "The Week in Chess 704"]
[Source "Mark Crowther"]
[SourceDate "2008.05.05"]
[SourceVersion "1"]
[SourceVersionDate "2008.05.05"]
[SourceQuality "2"]

1. Nf3 Nf6 2. c4 e6 3. Nc3 Bb4 4. Qc2 O-O 5. a3 Bxc3 6. Qxc3 b6 7. b4 Bb7 8. Bb2 a5 9. b5 d6 10. e3 Nbd7 11. Be2 e5 12. O-O Ne4 13. Qc2 Ng5 14. Ne1 Ne6 15. f4 exf4 16. exf4 Re8 17. Bf3 Bxf3 18. Rxf3 Nf6 19. Nd3 Nf8 20. Qc3 Re2 21. Nf2 N8d7 22. Ng4 Re6 23. Rg3 Qe7 24. Ne3 Kh8 25. Rf1 Rg8 26. Qc2 Re4 27. Rh3 Qe6 28. Rff3 Qe7 29. g4 Nf8 30. g5 N6d7 31. Rf1 Nc5 32. Nd5 Qd7 33. Rg3 Re2 34. Qd1 Re8 35. Nf6 gxf6 36. Bxf6+ Rg7 37. Qa1 Nfe6 38. f5 Ne4 39. fxe6 fxe6 40. Bxg7+ Qxg7 41. Qxg7+ Kxg7 42. Rg2 e5 43. h4 Kg6 44. d3 Nc5 45. Rf6+ Kg7 46. Rf3 Ne6 47. Kf2 Nf4 48. Rg4 Kg6 49. Rgxf4 exf4 50. Rxf4 Re7 51. Re4 Rf7+ 52. Kg3 Rf1 53. Re7 Rd1 54. Kg4 h5+ 55. gxh6 Kxh6 56. Rxc7 Rxd3 57. Rc6 Rd4+ 58. Kf5 Kh5 59. Ke6 Kxh4 60. Rxb6 Rxc4 61. Kxd6 Ra4 62. Ra6 Rxa3 63. b6 Rd3+ 64. Kc7 1-0

[Event "Benidorm op"]
[Site "Benidorm ESP"]
[Date "2008.05.04"]
[Round "10"]
[White "Kovalyov, Anton"]
[Black "Lauber, Arnd"]
[Result "1-0"]
[WhiteElo "2525"]
[BlackElo "2434"]
[PlyCount "91"]
[GameId "2129405096922435"]
[EventDate "2008.04.25"]
[EventType "swiss"]
[EventRounds "9"]
[EventCountry "ESP"]
[SourceTitle "The Week in Chess 704"]
[Source "Mark Crowther"]
[SourceDate "2008.05.05"]
[SourceVersion "1"]
[SourceVersionDate "2008.05.05"]
[SourceQuality "2"]

1. c4 Nf6 2. Nc3 c5 3. Nf3 e6 4. g3 b6 5. Bg2 Bb7 6. O-O Be7 7. d4 cxd4 8. Qxd4 O-O 9. Bg5 d6 10. Rfd1 Nbd7 11. Nb5 d5 12. cxd5 Bxd5 13. Nc3 Bb7 14. b4 Rc8 15. Rac1 h6 16. Bf4 Nb8 17. Qe3 Qe8 18. a3 Nh5 19. Bxb8 Rxb8 20. Ne5 Bxg2 21. Kxg2 Nf6 22. Qf3 a5 23. Rd4 axb4 24. axb4 Rc8 25. Qb7 Rb8 26. Qf3 Rc8 27. Ra1 Rc7 28. b5 Nd7 29. Nc6 Bf6 30. Rc4 Nc5 31. Ra2 Bxc3 32. Rxc3 Qd7 33. Rca3 Rfc8 34. Ra8 Kh7 35. R2a7 Rxa8 36. Rxa8 f6 37. Rd8 Qf7 38. Rb8 Nd7 39. Qd3+ f5 40. Ra8 Nf8 41. h4 h5 42. Qd8 Kg8 43. Qd6 Rb7 44. Nd8 Qe7 45. Ra6 Qxd8 46. Qd1 1-0

[Event "Festival"]
[Site "Figueira da Foz POR"]
[Date "2007.10.28"]
[Round "1"]
[White "Tebar Sanchez, Jeronimo"]
[Black "Kovalyov, Anton"]
[Result "0-1"]
[WhiteElo "1939"]
[BlackElo "2510"]
[PlyCount "96"]
[GameId "2129405100374939"]
[EventDate "2007.10.28"]
[EventType "swiss"]
[EventRounds "9"]
[EventCountry "POR"]
[SourceTitle "The Week in Chess 678"]
[Source "Mark Crowther"]
[SourceDate "2007.11.05"]
[SourceVersion "1"]
[SourceVersionDate "2007.11.05"]
[SourceQuality "2"]

1. e4 c5 2. d4 cxd4 3. Qxd4 Nc6 4. Qe3 Nf6 5. Bd2 d6 6. Nc3 e6 7. O-O-O a6 8. f4 Qc7 9. h3 Be7 10. g4 b5 11. Nf3 Bb7 12. Bd3 Nd7 13. Kb1 Nc5 14. h4 O-O-O 15. Rh2 Kb8 16. Ne2 Ka8 17. Bc3 Nxd3 18. cxd3 f6 19. Rc1 Qd7 20. Ned4 Nxd4 21. Bxd4 e5 22. Bb6 Rc8 23. Rhc2 Rxc2 24. Rxc2 Rc8 25. Rxc8+ Qxc8 26. f5 d5 27. exd5 Bxd5 28. Nd2 g6 29. Qf2 Qd7 30. Bc5 Bd8 31. Bb6 Bb7 32. Kc2 Qc6+ 33. Bc5 gxf5 34. gxf5 Qc8 35. b4 Bd5 36. Kb2 Qc6 37. a3 Bf7 38. Qf3 Qxf3 39. Nxf3 Be8 40. d4 e4 41. Nd2 e3 42. Nf3 Bh5 43. Ne1 Bc7 44. d5 Bg3 45. d6 Bxe1 46. Bxe3 Bd1 47. Bg5 fxg5 48. f6 Bg3 0-1

[Event "Festival"]
[Site "Figueira da Foz POR"]
[Date "2007.10.30"]
[Round "3"]
[White "Bellon Lopez, Juan Manuel"]
[Black "Kovalyov, Anton"]
[Result "0-1"]
[WhiteElo "2434"]
[BlackElo "2510"]
[PlyCount "46"]
[GameId "2129405100374953"]
[EventDate "2007.10.28"]
[EventType "swiss"]
[EventRounds "9"]
[EventCountry "POR"]
[SourceTitle "The Week in Chess 678"]
[Source "Mark Crowther"]
[SourceDate "2007.11.05"]
[SourceVersion "1"]
[SourceVersionDate "2007.11.05"]
[SourceQuality "2"]

1. d4 Nf6 2. Nf3 e6 3. Bg5 h6 4. Bxf6 Qxf6 5. e4 d6 6. Nc3 Nd7 7. Qd2 c6 8. O-O-O Qd8 9. Kb1 Be7 10. h4 a6 11. Bd3 b5 12. g4 g6 13. h5 g5 14. Rhe1 Nb6 15. Ne2 Bb7 16. c3 Qc7 17. Nh2 O-O-O 18. f4 gxf4 19. Qxf4 Bg5 20. Qf2 Rhg8 21. e5 d5 22. Rf1 Rg7 23. b4 f5 0-1

[Event "Festival"]
[Site "Figueira da Foz POR"]
[Date "2007.10.31"]
[Round "4"]
[White "Kovalyov, Anton"]
[Black "Rusev, Krasimir"]
[Result "1/2-1/2"]
[WhiteElo "2510"]
[BlackElo "2479"]
[PlyCount "84"]
[GameId "2129405100374967"]
[EventDate "2007.10.28"]
[EventType "swiss"]
[EventRounds "9"]
[EventCountry "POR"]
[SourceTitle "The Week in Chess 678"]
[Source "Mark Crowther"]
[SourceDate "2007.11.05"]
[SourceVersion "1"]
[SourceVersionDate "2007.11.05"]
[SourceQuality "2"]

1. c4 e5 2. Nc3 Nf6 3. Nf3 Nc6 4. a3 g6 5. g3 Bg7 6. Bg2 O-O 7. d3 h6 8. O-O d6 9. Rb1 Be6 10. b4 a6 11. a4 Qd7 12. b5 axb5 13. axb5 Nd8 14. Bd2 Bh3 15. Nd5 Bxg2 16. Kxg2 Nh5 17. e4 Ne6 18. Kg1 Kh7 19. Be3 Rae8 20. Nh4 c6 21. bxc6 bxc6 22. Nb6 Qd8 23. Qa4 Qc7 24. c5 dxc5 25. Qc2 Bf6 26. Nf3 Be7 27. Nc4 f6 28. Rb6 Rb8 29. Ra6 Rb5 30. Qa2 Nhg7 31. Ra7 Rb7 32. Rxb7 Qxb7 33. Rb1 Qc7 34. Rb6 Rb8 35. Ra6 Qd7 36. Ne1 Bd8 37. Kg2 h5 38. h4 Bc7 39. Ra7 Rb5 40. Qc2 Qc8 41. Nf3 Bb8 42. Ra8 Qb7 1/2-1/2

[Event "Festival"]
[Site "Figueira da Foz POR"]
[Date "2007.11.01"]
[Round "5"]
[White "Spraggett, Kevin"]
[Black "Kovalyov, Anton"]
[Result "1/2-1/2"]
[WhiteElo "2580"]
[BlackElo "2510"]
[PlyCount "54"]
[GameId "2129405100374981"]
[EventDate "2007.10.28"]
[EventType "swiss"]
[EventRounds "9"]
[EventCountry "POR"]
[SourceTitle "The Week in Chess 678"]
[Source "Mark Crowther"]
[SourceDate "2007.11.05"]
[SourceVersion "1"]
[SourceVersionDate "2007.11.05"]
[SourceQuality "2"]

1. e4 c5 2. Nf3 d6 3. d4 cxd4 4. Nxd4 Nf6 5. Nc3 a6 6. Bg5 e6 7. f4 Qc7 8. Bxf6 gxf6 9. Be2 Nc6 10. Nb3 Qb6 11. Qd2 h5 12. O-O-O Bd7 13. Kb1 O-O-O 14. Bf3 h4 15. Rhf1 Kb8 16. Qe2 Qc7 17. Qf2 Na5 18. Rd3 Be7 19. Rfd1 Nc4 20. Qe2 b5 21. a3 Rc8 22. Nc1 Qb6 23. N1a2 a5 24. Rd4 Qc5 25. e5 fxe5 26. fxe5 f5 27. exf6 Bxf6 1/2-1/2

[Event "Festival"]
[Site "Figueira da Foz POR"]
[Date "2007.11.02"]
[Round "7"]
[White "Paunovic, Dragan"]
[Black "Kovalyov, Anton"]
[Result "1/2-1/2"]
[WhiteElo "2535"]
[BlackElo "2510"]
[PlyCount "61"]
[GameId "2129405100375002"]
[EventDate "2007.10.28"]
[EventType "swiss"]
[EventRounds "9"]
[EventCountry "POR"]
[SourceTitle "The Week in Chess 678"]
[Source "Mark Crowther"]
[SourceDate "2007.11.05"]
[SourceVersion "1"]
[SourceVersionDate "2007.11.05"]
[SourceQuality "2"]

1. c4 Nf6 2. Nc3 e5 3. e3 Bb4 4. Nge2 b6 5. a3 Bxc3 6. Nxc3 Bb7 7. d3 d5 8. cxd5 Nxd5 9. Qa4+ Nd7 10. Be2 O-O 11. O-O Nc5 12. Qc2 a5 13. Bd2 a4 14. Rad1 Re8 15. Ne4 Nb3 16. Bc3 Qe7 17. Rfe1 Kh8 18. Bf1 Nxc3 19. Qxc3 c5 20. Nd2 Bd5 21. Nxb3 Bxb3 22. Rc1 Qd6 23. Be2 Rad8 24. h3 h6 25. Bf1 Kg8 26. Be2 g6 27. Bf1 h5 28. Be2 Rd7 29. Bf1 Rdd8 30. Be2 Re6 31. Bf1 1/2-1/2

[Event "Calvia op"]
[Site "Calvia ESP"]
[Date "2007.10.15"]
[Round "1"]
[White "Schmitz, Manuela"]
[Black "Kovalyov, Anton"]
[Result "0-1"]
[WhiteElo "2035"]
[BlackElo "2510"]
[PlyCount "106"]
[GameId "2129405100684058"]
[EventDate "2007.10.15"]
[EventType "swiss"]
[EventRounds "9"]
[EventCountry "ESP"]
[SourceTitle "The Week in Chess 676"]
[Source "Mark Crowther"]
[SourceDate "2007.10.22"]
[SourceVersion "1"]
[SourceVersionDate "2007.10.22"]
[SourceQuality "2"]

1. d4 Nf6 2. c4 e6 3. Nf3 b6 4. e3 Bb7 5. Bd3 c5 6. O-O Be7 7. Nc3 d6 8. b3 Nbd7 9. Bb2 cxd4 10. exd4 O-O 11. Re1 Re8 12. Be2 Bf8 13. Ng5 g6 14. Qd3 Nh5 15. Nh3 Rc8 16. Bd1 Nhf6 17. Bf3 Qc7 18. Nb5 Qb8 19. Bxb7 Qxb7 20. Ba3 Qb8 21. Qg3 a6 22. Nc3 d5 23. Qxb8 Nxb8 24. Bxf8 Kxf8 25. Na4 Nbd7 26. cxd5 Nxd5 27. Ng5 h6 28. Ne4 Rc6 29. Nb2 Nb4 30. Rad1 Rec8 31. Nc4 f5 32. Ng3 b5 33. Ne5 Nxe5 34. dxe5 Rc5 35. f4 Nd5 36. Ne2 Ke7 37. g3 Rc2 38. Ra1 Kd7 39. Kf1 g5 40. Red1 Ke7 41. Ke1 gxf4 42. gxf4 h5 43. Rd2 Rxd2 44. Kxd2 Rg8 45. h3 Rg2 46. Rf1 b4 47. Kd3 Rh2 48. Rf3 h4 49. Rf1 Rxh3+ 50. Kd4 Rh2 51. Nc1 Rd2+ 52. Kc5 Rc2+ 53. Kd4 h3 0-1

[Event "Calvia op"]
[Site "Calvia ESP"]
[Date "2007.10.18"]
[Round "4"]
[White "Kovalyov, Anton"]
[Black "Sveshnikov, Vladimir"]
[Result "1/2-1/2"]
[WhiteElo "2510"]
[BlackElo "2366"]
[PlyCount "107"]
[GameId "2129405100692444"]
[EventDate "2007.10.15"]
[EventType "swiss"]
[EventRounds "9"]
[EventCountry "ESP"]
[SourceTitle "The Week in Chess 676"]
[Source "Mark Crowther"]
[SourceDate "2007.10.22"]
[SourceVersion "1"]
[SourceVersionDate "2007.10.22"]
[SourceQuality "2"]

1. c4 e6 2. Nc3 d5 3. d4 Nf6 4. cxd5 exd5 5. Bg5 c6 6. e3 Be7 7. Qc2 h6 8. Bh4 Nbd7 9. Bd3 O-O 10. Nge2 Re8 11. Bg3 Bf8 12. h3 b6 13. O-O Bb7 14. Rfd1 Rc8 15. Rac1 a6 16. Qb1 c5 17. dxc5 bxc5 18. Bc2 Qa5 19. Bb3 c4 20. Ba4 Red8 21. Bc2 g6 22. Nd4 Bg7 23. Nce2 Ne4 24. b4 Qb6 25. Bxe4 dxe4 26. Nc3 f5 27. Na4 Qf6 28. b5 g5 29. bxa6 Bxa6 30. Nb5 Ne5 31. Rxd8+ Qxd8 32. Bxe5 Bxe5 33. Qb4 Kh8 34. Nbc3 Bd6 35. Qb2 Rb8 36. Qe2 Qa5 37. Rd1 Qe5 38. g3 Kg7 39. Rd5 Qf6 40. Qd2 Be7 41. Nc5 Bc8 42. Kg2 Rb6 43. Qd4 Rd6 44. Rxd6 Bxd6 45. Qxc4 Bxc5 46. Qxc5 Bd7 47. Qc4 h5 48. Na4 Be6 49. Qc7+ Qf7 50. Qxf7+ Kxf7 51. Nc3 Bc4 52. h4 g4 53. Na4 Ke6 54. a3 1/2-1/2

[Event "Calvia op"]
[Site "Calvia ESP"]
[Date "2007.10.19"]
[Round "5"]
[White "Bykhovsky, Anatoly"]
[Black "Kovalyov, Anton"]
[Result "1/2-1/2"]
[WhiteElo "2364"]
[BlackElo "2510"]
[PlyCount "107"]
[GameId "2129405100692495"]
[EventDate "2007.10.15"]
[EventType "swiss"]
[EventRounds "9"]
[EventCountry "ESP"]
[SourceTitle "The Week in Chess 676"]
[Source "Mark Crowther"]
[SourceDate "2007.10.22"]
[SourceVersion "1"]
[SourceVersionDate "2007.10.22"]
[SourceQuality "2"]

1. d4 Nf6 2. Nf3 e6 3. Bg5 Be7 4. e3 c5 5. dxc5 Qa5+ 6. Nbd2 Qxc5 7. c4 b6 8. Bd3 Bb7 9. O-O d6 10. Bxf6 gxf6 11. Be4 Qc7 12. Nd4 Nd7 13. Qh5 Bxe4 14. Nxe6 Qb7 15. Nxe4 Qxe4 16. Nc7+ Kd8 17. Nxa8 Qxa8 18. Qxf7 Ne5 19. Qd5 Qc8 20. Rac1 Kc7 21. h3 Nc6 22. a3 Qe8 23. b4 Rg8 24. Rfd1 Rg5 25. Qd2 Bf8 26. Kh2 Re5 27. Qc2 Qg6 28. Rd5 Qxc2 29. Rxc2 Re4 30. Rh5 h6 31. Rf5 Re6 32. Rc3 a5 33. bxa5 Nxa5 34. f3 Nb7 35. a4 Bg7 36. Kg3 Re7 37. e4 Kc6 38. Kg4 Nc5 39. Kh5 Ra7 40. Kg6 Ne6 41. Ra3 Nf8+ 42. Kh5 Nd7 43. f4 Nc5 44. Re3 Rxa4 45. Kg6 Ra7 46. Rd5 Ne6 47. Kf5 Nc5 48. Re2 Re7 49. h4 Bf8 50. Rd1 Bg7 51. Ra1 Nb3 52. Rd1 Nc5 53. Ra1 Nb3 54. Rd1 1/2-1/2

[Event "Calvia op"]
[Site "Calvia ESP"]
[Date "2007.10.20"]
[Round "6"]
[White "Kovalyov, Anton"]
[Black "Andersson, Tommy"]
[Result "1-0"]
[WhiteElo "2510"]
[BlackElo "2273"]
[PlyCount "62"]
[GameId "2129405100692591"]
[EventDate "2007.10.15"]
[EventType "swiss"]
[EventRounds "9"]
[EventCountry "ESP"]
[SourceTitle "The Week in Chess 676"]
[Source "Mark Crowther"]
[SourceDate "2007.10.22"]
[SourceVersion "1"]
[SourceVersionDate "2007.10.22"]
[SourceQuality "2"]

1. c4 c5 2. Nf3 Nc6 3. d4 cxd4 4. Nxd4 Nf6 5. Nc3 g6 6. e4 d6 7. f3 Bg7 8. Be3 O-O 9. Qd2 Nxd4 10. Bxd4 Be6 11. Be2 Nd7 12. Be3 Rc8 13. Nd5 Bxd5 14. exd5 Nc5 15. Rb1 a5 16. b3 b5 17. cxb5 Ne4 18. Qd3 Bc3+ 19. Kf1 f5 20. Rc1 f4 21. Ba7 Nd2+ 22. Kf2 e5 23. Rxc3 Rxc3 24. Qxc3 Qh4+ 25. g3 Qh3 26. Qxd2 fxg3+ 27. Ke1 gxh2 28. Bd1 Qh4+ 29. Bf2 Qh3 30. Qe2 e4 31. b6 Qg2 1-0

[Event "Calvia op"]
[Site "Calvia ESP"]
[Date "2007.10.21"]
[Round "7"]
[White "Gonzalez Rodriguez, Jorge Armando"]
[Black "Kovalyov, Anton"]
[Result "0-1"]
[WhiteElo "2405"]
[BlackElo "2510"]
[PlyCount "146"]
[GameId "2129405100692631"]
[EventDate "2007.10.15"]
[EventType "swiss"]
[EventRounds "9"]
[EventCountry "ESP"]
[SourceTitle "CBM 120 ext"]
[Source "ChessBase"]
[SourceDate "2007.11.01"]
[SourceVersion "1"]
[SourceVersionDate "2007.11.01"]
[SourceQuality "1"]

1. b3 Nf6 2. Bb2 e6 3. e3 b6 4. Nf3 Bb7 5. g3 Be7 6. Bg2 d6 7. O-O Nbd7 8. c4 c5 9. Nc3 a6 10. d4 cxd4 11. Nxd4 Bxg2 12. Kxg2 Qc7 13. e4 Qb7 14. Qe2 O-O 15. f3 Rfc8 16. Rfd1 Rab8 17. Rd2 Ne5 18. Rad1 Rc7 19. f4 Ned7 20. Qf3 Nc5 21. Re2 Ne8 22. Ba3 Bf6 23. e5 dxe5 24. fxe5 Be7 25. Bxc5 Bxc5 26. Ne4 Bb4 27. Nc2 Bf8 28. Red2 b5 29. Ne3 Rbc8 30. Rd8 Qc6 31. h4 Be7 32. R8d2 Qb6 33. h5 h6 34. Kh3 Ra7 35. Rd7 Rxd7 36. Rxd7 Rc7 37. c5 Qb8 38. Rd6 Bxd6 39. exd6 Rd7 40. Ng4 f6 41. b4 Qc8 42. Qb3 Rf7 43. Nef2 Qd7 44. Qd3 Kh8 45. Kh2 Rf8 46. Qd2 Rf7 47. Ne4 Qc6 48. Qe2 Qd5 49. Ngf2 Rd7 50. g4 Qe5+ 51. Kg2 f5 52. gxf5 exf5 53. Nd3 Qxe4+ 54. Qxe4 fxe4 55. Ne5 Rxd6 56. cxd6 Nxd6 57. Kg3 e3 58. Kf3 Nf5 59. Nc6 Kg8 60. a3 Kf7 61. Nb8 Ke6 62. Nxa6 Kd5 63. Nc5 Kd4 64. a4 bxa4 65. Nxa4 Kc4 66. Nb6+ Kd3 67. Nd5 Nd4+ 68. Kg4 e2 69. Nf4+ Ke3 70. Nxe2 Kxe2 71. Kf4 Kd3 72. b5 Nxb5 73. Kf5 Nd6+ 0-1

[Event "Calvia op"]
[Site "Calvia ESP"]
[Date "2007.10.22"]
[Round "8.5"]
[White "Kovalyov, Anton"]
[Black "Wojtaszek, Radoslaw"]
[Result "1/2-1/2"]
[WhiteElo "2510"]
[BlackElo "2635"]
[PlyCount "77"]
[GameId "2129405100700862"]
[EventDate "2007.10.15"]
[EventType "swiss"]
[EventRounds "9"]
[EventCountry "ESP"]

1. c4 e6 2. Nc3 d5 3. d4 c5 4. cxd5 exd5 5. Nf3 Nc6 6. g3 Nf6 7. Bg2 Be7 8. O-O O-O 9. Bg5 c4 10. Ne5 Be6 11. e3 Nd7 12. Nxc6 bxc6 13. Bxe7 Qxe7 14. b3 Nb6 15. bxc4 Nxc4 16. Qa4 Qd6 17. Rfb1 a5 18. Rb7 Rfb8 19. Rab1 Rxb7 20. Rxb7 h5 21. Qd1 Rb8 22. Rxb8+ Qxb8 23. Qc1 h4 24. Bf1 Qb4 25. Be2 hxg3 26. hxg3 Na3 27. Bd3 Nc4 28. Kg2 Nb2 29. Be2 Bf5 30. Kg1 a4 31. a3 Qb3 32. Nd1 Nc4 33. Bxc4 dxc4 34. Nc3 Bc2 35. Qa1 Bd3 36. Qc1 Bc2 37. Qa1 Bd3 38. Qc1 Bc2 39. Qd1 1/2-1/2

[Event "Abierto"]
[Site "Berazategui ARG"]
[Date "2007.04.20"]
[Round "3"]
[White "Kovalyov, Anton"]
[Black "Blit, Jacques"]
[Result "1-0"]
[WhiteElo "2483"]
[BlackElo "2256"]
[PlyCount "159"]
[GameId "2129405105449746"]
[EventDate "2007.04.18"]
[EventType "swiss"]
[EventRounds "7"]
[EventCountry "ARG"]
[SourceTitle "The Week in Chess 651"]
[Source "Mark Crowther"]
[SourceDate "2007.04.30"]
[SourceVersion "1"]
[SourceVersionDate "2007.04.30"]
[SourceQuality "2"]

1. c4 g6 2. d4 Bg7 3. e4 c5 4. Nf3 cxd4 5. Nxd4 Nc6 6. Be3 Nf6 7. Nc3 d6 8. Be2 O-O 9. O-O Bd7 10. Qd2 Nxd4 11. Bxd4 Bc6 12. f3 a5 13. b3 Nd7 14. Be3 Nc5 15. Rab1 Qb6 16. Rfc1 Rfc8 17. Rc2 Qd8 18. Bf1 h5 19. Nd5 Kh7 20. Bg5 Bxd5 21. exd5 Qf8 22. Be3 Bf6 23. g3 Qg7 24. Re1 Rcb8 25. Bf2 Qh6 26. f4 Qg7 27. Kh1 Kg8 28. Be3 Ne4 29. Qg2 Nc3 30. a4 e6 31. dxe6 fxe6 32. Bd2 d5 33. Rxe6 d4 34. Rc1 Re8 35. Rce1 Qf7 36. Rxe8+ Rxe8 37. Rxe8+ Qxe8 38. Bd3 b6 39. Qf3 Na2 40. Qe4 Qxe4+ 41. Bxe4 Kg7 42. Kg2 Be7 43. f5 g5 44. Bb1 Nc3 45. Bc2 Bf6 46. Kf3 Be7 47. Bd3 Kf7 48. h3 Kg7 49. Be1 Bd6 50. h4 g4+ 51. Kg2 Nd1 52. Kf1 Kf6 53. Ke2 Ne3 54. Bf2 Bc5 55. Be4 Ke5 56. Bb1 Kf6 57. Bd3 Ke5 58. f6 Kxf6 59. Be4 Bd6 60. Be1 Kg7 61. Bb1 Kf6 62. Be4 Kg7 63. Bf2 Kf6 64. Kd3 Bc5 65. Bc6 Kg7 66. Be8 Kh6 67. Be1 Nf1 68. Ke2 Ne3 69. Bd2 Bd6 70. Kd3 Be5 71. Ke4 Bf6 72. Bf7 Bg7 73. c5 bxc5 74. Bxa5 Nf1 75. Bc7 Nd2+ 76. Kd3 Nf3 77. Bf4+ Kh7 78. a5 Ne5+ 79. Bxe5 Bxe5 80. a6 1-0

[Event "Abierto"]
[Site "Berazategui ARG"]
[Date "2007.04.21"]
[Round "4"]
[White "Goldwaser, Christian"]
[Black "Kovalyov, Anton"]
[Result "0-1"]
[WhiteElo "2350"]
[BlackElo "2483"]
[PlyCount "74"]
[GameId "2129405105449758"]
[EventDate "2007.04.18"]
[EventType "swiss"]
[EventRounds "7"]
[EventCountry "ARG"]
[SourceTitle "The Week in Chess 651"]
[Source "Mark Crowther"]
[SourceDate "2007.04.30"]
[SourceVersion "1"]
[SourceVersionDate "2007.04.30"]
[SourceQuality "2"]

1. d4 Nf6 2. c4 e6 3. Nf3 b6 4. g3 Ba6 5. b3 d5 6. Bg2 Bb4+ 7. Bd2 Be7 8. Ne5 Bb7 9. Bc3 O-O 10. Nd2 Na6 11. O-O c5 12. e3 cxd4 13. exd4 Qc7 14. Bb2 dxc4 15. Bxb7 Qxb7 16. bxc4 Rfd8 17. Qb3 Rac8 18. Ndf3 Nd7 19. Ng4 h5 20. Nge5 Bf6 21. Rfe1 Nab8 22. Nxd7 Nxd7 23. a4 Rc7 24. Rac1 Rdc8 25. h4 Nb8 26. Ng5 Nc6 27. Qf3 Bxg5 28. hxg5 Na5 29. Qxh5 Nxc4 30. g6 Nxb2 31. Qh7+ Kf8 32. Qh8+ Ke7 33. Rxc7+ Rxc7 34. Qxg7 Qf3 35. d5 Nd3 36. Qd4 Nxe1 37. Qb4+ Kf6 0-1

[Event "Abierto"]
[Site "Berazategui ARG"]
[Date "2007.04.21"]
[Round "5"]
[White "Kovalyov, Anton"]
[Black "Felgaer, Ruben"]
[Result "0-1"]
[WhiteElo "2483"]
[BlackElo "2574"]
[PlyCount "95"]
[GameId "2129405105449768"]
[EventDate "2007.04.18"]
[EventType "swiss"]
[EventRounds "7"]
[EventCountry "ARG"]
[SourceTitle "The Week in Chess 651"]
[Source "Mark Crowther"]
[SourceDate "2007.04.30"]
[SourceVersion "1"]
[SourceVersionDate "2007.04.30"]
[SourceQuality "2"]

1. c4 e5 2. Nc3 d6 3. g3 g6 4. Bg2 Bg7 5. e3 f5 6. Nge2 Nf6 7. d4 O-O 8. O-O e4 9. b3 c6 10. f3 exf3 11. Bxf3 Re8 12. Qd3 Na6 13. Bd2 Nc7 14. Rae1 d5 15. Nf4 Be6 16. Nxe6 Rxe6 17. Bg2 Qd7 18. Ne2 Rae8 19. Nf4 R6e7 20. Bb4 Rf7 21. Re2 Ne4 22. Ba3 Ne6 23. Nh3 Bh6 24. Kh1 Ng7 25. Bf3 f4 26. Nxf4 g5 27. Rg2 gxf4 28. exf4 Qf5 29. Qc2 Qh3 30. Qd1 Nf5 31. Bc1 Rg7 32. Kg1 Kh8 33. g4 Nh4 34. Bxe4 Nxg2 35. Bxg2 Rxg4 36. Rf2 Qh4 37. Qf1 Bg7 38. Bb2 Bh6 39. Bc1 Bg7 40. Bb2 Rf8 41. f5 dxc4 42. bxc4 Bxd4 43. Bxd4+ Rxd4 44. h3 Qf6 45. Qb1 Rxc4 46. Bf1 Rc5 47. Bd3 Qd4 48. Kf1 0-1